Shikshan kala (Record no. 140918)

MARC details
000 -LEADER
fixed length control field 00521nam a2200205Ia 4500
003 - CONTROL NUMBER IDENTIFIER
control field OSt
005 - DATE AND TIME OF LATEST TRANSACTION
control field 20260219121044.0
008 - FIXED-LENGTH DATA ELEMENTS--GENERAL INFORMATION
fixed length control field 210210b1950 xxu||||| |||| 00| 0 eng d
040 ## - CATALOGING SOURCE
Transcribing agency AL
041 ## - LANGUAGE CODE
Language code of text/sound track or separate title Hindi
082 ## - DEWEY DECIMAL CLASSIFICATION NUMBER
Classification number 465/5
100 ## - MAIN ENTRY--PERSONAL NAME
Personal name AVADHANANDAN
Dates associated with a name अवधानंदन
9 (RLIN) 255898
245 ## - TITLE STATEMENT
Title Shikshan kala
Remainder of title शिक्षण कला
260 ## - PUBLICATION, DISTRIBUTION, ETC.
Place of publication, distribution, etc. Madras
Name of publisher, distributor, etc. -
Date of publication, distribution, etc. 1950
650 ## - SUBJECT ADDED ENTRY--TOPICAL TERM
Topical term or geographic name entry element Shikshan
9 (RLIN) 255899
650 ## - SUBJECT ADDED ENTRY--TOPICAL TERM
Topical term or geographic name entry element kala
9 (RLIN) 255900
690 ## - LOCAL SUBJECT ADDED ENTRY--TOPICAL TERM (OCLC, RLIN)
Topical term or geographic name as entry element Hindi Grammar
9 (RLIN) 255901
906 ## - LOCAL DATA ELEMENT F, LDF (RLIN)
a 006839
942 ## - ADDED ENTRY ELEMENTS (KOHA)
Source of classification or shelving scheme Dewey Decimal Classification
Koha item type Book
Holdings
Withdrawn status Lost status Source of classification or shelving scheme Damaged status Not for loan Collection code Home library Current library Shelving location Date acquired Cost, normal purchase price Total Checkouts Full call number Barcode Date last seen Price effective from Koha item type
    Dewey Decimal Classification     Hindi St Aloysius Library St Aloysius Library   02/17/2021 0.00   465/5 006839 02/17/2021 02/17/2021 Book